| 000 | 01095nam0a22002771 4500 | ||
|---|---|---|---|
| 001 | rc\346268 | ||
| 005 | 20030307123340.4 | ||
| 010 |
_a5-06-000109-1 _930000 |
||
| 035 | _a(NLR Aleph) 005589516 | ||
| 090 |
_a6197464 _c6197464 |
||
| 100 | _a20030307d1989 u |0rusy50 ca | ||
| 101 | 0 | _arus | |
| 102 | _aRU | ||
| 105 | _aa ||||||||| | ||
| 200 | 1 |
_aЛабораторные работы по основам промышленной электроники _e[Учеб. пособие для неэлектротехн. спец. вузов _fО.М. Князьков и др.] _gПод ред. В.Г. Герасимова |
|
| 205 | _a2-е изд., перераб. и доп. | ||
| 210 |
_aМ. _cВысш. школа _d1989 |
||
| 215 |
_a173, [2] с. _cил. _d21 |
||
| 320 | _aБиблиогр.: с. 174 (9 назв.) | ||
| 702 | 1 |
_aГерасимов _bВ. Г. _gВиктор Григорьевич _4340 |
|
| 702 | 1 |
_aКнязьков _bО. М. _gОлег Михайлович _4220 |
|
| 801 | 0 |
_aRU _bNLR _gpsbo |
|
| 801 | 1 |
_aRU _bELAR _2rusmarc |
|
| 852 |
_aNLR _j89-3/8905 |
||
| 942 | _cBOOK | ||
| 980 | _aNB | ||